| 000 | 00467nam a2200145Ia 4500 | ||
|---|---|---|---|
| 008 | 230917s9999||||xx |||||||||||||| ||und|| | ||
| 040 |
_e206820 _aMAIN |
||
| 041 | _aEnglish | ||
| 082 | _a891.43172109 AH22J:MJ | ||
| 100 | _aमनजीत | ||
| 245 | 0 | _aजन-गीता मे संवेदना एवं शिल्प | |
| 260 |
_aनई दिल्ली _bलक्ष्मी प्रकाशन _c2009 |
||
| 300 | _a112 पृ. p. | ||
| 942 | _cHN | ||
| 999 |
_c176390 _d176390 |
||